| 000 | 00797nam a2200181 i 4500 | ||
|---|---|---|---|
| 001 | 188026 | ||
| 003 | SpMaBN | ||
| 005 | 20250828022616.0 | ||
| 008 | 180411s1909 sp |||| | spa d | ||
| 080 | _a37.04-053.81:28 | ||
| 100 | 0 |
_aMary Loyola _cMother. _9164604 |
|
| 245 | 1 | 0 |
_aRecuerdo del colegio _b: lecturas amenas y edificantes dedicadas a la juventud de los colegios católicos / _cpor la madre María Loyola ; publicado bajo la dirección del P. Thurston ; traducido del inglés por el P. Juan Mateos. |
| 260 |
_aBarcelona : _bLuis Gili, _c1909. |
||
| 300 |
_a302 p. ; _c20 cm. |
||
| 650 | 7 |
_aEducación cristiana de jóvenes _2embne _912091 |
|
| 852 |
_aES-MaACL _jL-31913 _z- Enc. cart. _z- Donat. herederos de la bibl. de Mª del Pilar Costa Palacín |
||
| 999 |
_c188026 _d188026 |
||